<?xml version="1.0" encoding="UTF-8"?>
<record
    xmlns:xsi="http://www.w3.org/2001/XMLSchema-instance"
    xsi:schemaLocation="http://www.loc.gov/MARC21/slim http://www.loc.gov/standards/marcxml/schema/MARC21slim.xsd"
    xmlns="http://www.loc.gov/MARC21/slim">

  <leader>01257cam a22003135a 4500</leader>
  <controlfield tag="001">16693902</controlfield>
  <controlfield tag="005">20201128023750.0</controlfield>
  <controlfield tag="008">110316s2012    enka   frbe   000 0 eng d</controlfield>
  <datafield tag="010" ind1=" " ind2=" ">
    <subfield code="a">  2011925392</subfield>
  </datafield>
  <datafield tag="020" ind1=" " ind2=" ">
    <subfield code="a">9781849207737 (hbk. : set)</subfield>
  </datafield>
  <datafield tag="035" ind1=" " ind2=" ">
    <subfield code="a">(OCoLC)ocn777179630</subfield>
  </datafield>
  <datafield tag="035" ind1=" " ind2=" ">
    <subfield code="a">(OCoLC)777179630</subfield>
  </datafield>
  <datafield tag="040" ind1=" " ind2=" ">
    <subfield code="a">NLE</subfield>
    <subfield code="b">eng</subfield>
    <subfield code="c">NLE</subfield>
    <subfield code="d">DLC</subfield>
    <subfield code="d">EG-ScBUE</subfield>
  </datafield>
  <datafield tag="082" ind1="0" ind2="4">
    <subfield code="a">150</subfield>
    <subfield code="b">THE</subfield>
    <subfield code="2">22</subfield>
  </datafield>
  <datafield tag="245" ind1="0" ind2="0">
    <subfield code="a">Theoretical psychology :</subfield>
    <subfield code="b">contemporary readings /</subfield>
    <subfield code="c">edited by Henderikus Stam.</subfield>
  </datafield>
  <datafield tag="260" ind1=" " ind2=" ">
    <subfield code="a">London :</subfield>
    <subfield code="b">SAGE Publications Ltd.,</subfield>
    <subfield code="c">2012.</subfield>
  </datafield>
  <datafield tag="300" ind1=" " ind2=" ">
    <subfield code="a">4 v. :</subfield>
    <subfield code="b">ill. ;</subfield>
    <subfield code="c">24 cm.</subfield>
  </datafield>
  <datafield tag="490" ind1="0" ind2=" ">
    <subfield code="a">SAGE benchmarks in psychology</subfield>
  </datafield>
  <datafield tag="504" ind1=" " ind2=" ">
    <subfield code="a">Includes bibliographical references.</subfield>
  </datafield>
  <datafield tag="505" ind1="0" ind2=" ">
    <subfield code="a">v. 1. Contemporary theoretical psychology -- v. 2. Theory and method -- v. 3. Cognitive psychology, cognition, embodied cognition, evolution -- v. 4. Alterity and sociality, development and change, abnormal and pathological theories.</subfield>
  </datafield>
  <datafield tag="650" ind1=" " ind2="0">
    <subfield code="a">Psychology</subfield>
    <subfield code="x">History</subfield>
    <subfield code="y">20th century.</subfield>
    <subfield code="2">BUEsh</subfield>
  </datafield>
  <datafield tag="650" ind1=" " ind2="7">
    <subfield code="a">Social psychology.</subfield>
    <subfield code="2">BUEsh</subfield>
    <subfield code="9">9682</subfield>
  </datafield>
  <datafield tag="650" ind1=" " ind2="7">
    <subfield code="a">Developmental psychology.</subfield>
    <subfield code="2">BUEsh</subfield>
    <subfield code="9">952</subfield>
  </datafield>
  <datafield tag="651" ind1=" " ind2=" ">
    <subfield code="2">BUEsh</subfield>
  </datafield>
  <datafield tag="653" ind1=" " ind2=" ">
    <subfield code="b">GGEN</subfield>
    <subfield code="c">July2016</subfield>
  </datafield>
  <datafield tag="650" ind1=" " ind2="0">
    <subfield code="9">33178</subfield>
    <subfield code="a">Cognitive psychology</subfield>
    <subfield code="2">BUEsh</subfield>
  </datafield>
  <datafield tag="700" ind1="1" ind2=" ">
    <subfield code="a">Stam, Henderikus J.,</subfield>
    <subfield code="d">1954-,</subfield>
    <subfield code="e">editor.</subfield>
    <subfield code="9">40329</subfield>
  </datafield>
  <datafield tag="942" ind1=" " ind2=" ">
    <subfield code="2">ddc</subfield>
  </datafield>
  <datafield tag="999" ind1=" " ind2=" ">
    <subfield code="c">21961</subfield>
    <subfield code="d">21933</subfield>
  </datafield>
  <datafield tag="952" ind1=" " ind2=" ">
    <subfield code="0">0</subfield>
    <subfield code="1">0</subfield>
    <subfield code="2">ddc</subfield>
    <subfield code="4">0</subfield>
    <subfield code="7">0</subfield>
    <subfield code="8">Baccah</subfield>
    <subfield code="a">MAIN</subfield>
    <subfield code="b">MAIN</subfield>
    <subfield code="c">0TH</subfield>
    <subfield code="d">2016-07-14</subfield>
    <subfield code="e">Purchase</subfield>
    <subfield code="g">11900.00</subfield>
    <subfield code="h">25147</subfield>
    <subfield code="l">0</subfield>
    <subfield code="o">150 THE</subfield>
    <subfield code="p">000032857</subfield>
    <subfield code="r">2025-07-15 00:00:00</subfield>
    <subfield code="v">14875.00</subfield>
    <subfield code="y">REFERENCE</subfield>
    <subfield code="z">VOL. 1.</subfield>
  </datafield>
  <datafield tag="952" ind1=" " ind2=" ">
    <subfield code="0">0</subfield>
    <subfield code="1">0</subfield>
    <subfield code="2">ddc</subfield>
    <subfield code="4">0</subfield>
    <subfield code="7">0</subfield>
    <subfield code="8">Baccah</subfield>
    <subfield code="a">MAIN</subfield>
    <subfield code="b">MAIN</subfield>
    <subfield code="c">0TH</subfield>
    <subfield code="d">2016-07-14</subfield>
    <subfield code="e">Purchase</subfield>
    <subfield code="g">11900.00</subfield>
    <subfield code="h">25147</subfield>
    <subfield code="l">0</subfield>
    <subfield code="o">150 THE</subfield>
    <subfield code="p">000032858</subfield>
    <subfield code="r">2025-07-15 00:00:00</subfield>
    <subfield code="v">14875.00</subfield>
    <subfield code="y">REFERENCE</subfield>
    <subfield code="z">VOL. 2.</subfield>
  </datafield>
  <datafield tag="952" ind1=" " ind2=" ">
    <subfield code="0">0</subfield>
    <subfield code="1">0</subfield>
    <subfield code="2">ddc</subfield>
    <subfield code="4">0</subfield>
    <subfield code="7">0</subfield>
    <subfield code="8">Baccah</subfield>
    <subfield code="a">MAIN</subfield>
    <subfield code="b">MAIN</subfield>
    <subfield code="c">0TH</subfield>
    <subfield code="d">2016-07-14</subfield>
    <subfield code="e">Purchase</subfield>
    <subfield code="g">11900.00</subfield>
    <subfield code="h">25147</subfield>
    <subfield code="l">0</subfield>
    <subfield code="o">150 THE</subfield>
    <subfield code="p">000032859</subfield>
    <subfield code="r">2025-07-15 00:00:00</subfield>
    <subfield code="v">14875.00</subfield>
    <subfield code="y">REFERENCE</subfield>
    <subfield code="z">VOL. 3.</subfield>
  </datafield>
  <datafield tag="952" ind1=" " ind2=" ">
    <subfield code="0">0</subfield>
    <subfield code="1">0</subfield>
    <subfield code="2">ddc</subfield>
    <subfield code="4">0</subfield>
    <subfield code="7">0</subfield>
    <subfield code="8">Baccah</subfield>
    <subfield code="a">MAIN</subfield>
    <subfield code="b">MAIN</subfield>
    <subfield code="c">0TH</subfield>
    <subfield code="d">2016-07-14</subfield>
    <subfield code="e">Purchase</subfield>
    <subfield code="g">11900.00</subfield>
    <subfield code="h">25147</subfield>
    <subfield code="l">0</subfield>
    <subfield code="o">150 THE</subfield>
    <subfield code="p">000032860</subfield>
    <subfield code="r">2025-07-15 00:00:00</subfield>
    <subfield code="v">14875.00</subfield>
    <subfield code="y">REFERENCE</subfield>
    <subfield code="z">VOL. 4.</subfield>
  </datafield>
</record>
